Υδρόμυλοι της Λέσβου : τα υλικά δομής των υδρόμυλων
Saved in:
| Main Author: | |
|---|---|
| Format: | Book |
| Language: | Greek |
| Published: |
Λέσβος :
Μουσείο Φυσικής Ιστορίας Απολιθωμένου Δάσους Λέσβου,
2000.
|
| Subjects: | |
| Tags: |
Add Tag
No Tags, Be the first to tag this record!
|
MARC
| LEADER | 00000cam a2200000 i 4500 | ||
|---|---|---|---|
| 001 | 1/22310 | ||
| 008 | 011009s2000 gre d | ||
| 020 | |a 960-86259-5-5 | ||
| 035 | |l 10067455 | ||
| 040 | |a GR-MY-UA |b gre |e aacr | ||
| 041 | 0 | |a gre | |
| 082 | 0 | |a 621.24094958 | |
| 100 | 1 | |a Αξιώτης, Μάκης, |d 1950- | |
| 245 | 1 | 0 | |a Υδρόμυλοι της Λέσβου : |b τα υλικά δομής των υδρόμυλων / |c του Μάκη Αξιώτη. |
| 260 | |a Λέσβος : |b Μουσείο Φυσικής Ιστορίας Απολιθωμένου Δάσους Λέσβου, |c 2000. | ||
| 300 | |a 15 σ. : |b εικ. | ||
| 500 | |a Ευρωπαϊκές Ημέρες Πολιτιστικής Κληρονομιάς, 22-24 Σεπτεμβρίου 2000. | ||
| 650 | 0 | 0 | |a Water mills |x History |z Greece |z Lesbos (Municipality) |
| 650 | 0 | 0 | |a Water mills |z Greece |z Lesbos (Municipality) |v Photographs. |
| 852 | |a INST |b LESVOS |e 20011009 |h 621.24094958 ΑΞΙ |p 005100028645 |q 005100028645 |t BK |y 0 | ||
| 852 | |a INST |b LESVOS |e 20011009 |h 621.24094958 ΑΞΙ |p 005100028646 |q 005100028646 |t BK |y 0 | ||
| 901 | |a BIBL1-2001-4 | ||
| 909 | |a Λ |b 088640 | ||
| 909 | |a Λ |b 088641 | ||
| 970 | |a ΤΖΑΦΕΡΗ |b ΕΥΑΓΓΕΛΙΑ |z 2001/10/09 | ||